000 00435nab a2200145Ia 4500
003 ES-SlBCS
005 20210601123941.0
008 140529s1975 xxu||||| |||| 00| 0 eng d
041 _aeng
100 1 _aMann, William E.
_9132336
245 0 4 _aThe Divine Attributes
_c William E. Mann
650 0 4 _aAtributos Divinos
_9132337
773 0 _tAmerican Philosophical Quarterly
_gvol. 12, nº. 2, 1975, págs. 151-159
_wRev1386
942 _cAR
999 _c506699
_d506699